| 000 | 00422nam a2200181Ia 4500 | ||
|---|---|---|---|
| 999 |
_c32752 _d32752 |
||
| 003 | 0100 | ||
| 005 | 20170510115101.0 | ||
| 008 | 130303s9999 xx 000 0 und d | ||
| 040 | _cARRUPELIB | ||
| 050 | _aDT433.29.B8K3413 | ||
| 100 |
_aKaggwa, Apolo _930710 |
||
| 245 | 4 | _aThe kings of Buganda | |
| 260 |
_bEast African Pub.House _aNairobi _c1971 |
||
| 300 | _a256p. | ||
| 300 | _b 23cm | ||
| 650 |
_aKings and rulers _xBuganda _xHistory _930711 |
||
| 700 |
_aKawanuka, M.S.M. (tr.) _930712 |
||
| 942 |
_2lcc _cMONOGRAPH |
||